00558nam a2200133 a 450000100100000000500170001000800410002704000250006808200150009311001000010824500360020826001520024430000280039600002802520200930031304.0110406s1996 dr a 000 0 spa d aDO-SdBNPbspacBNPHU axxxbR426r1 aRepública DominicanabSecretaría de Estado de Deportes, educación Física y Recreación10aReglas oficiales del béisbol. aSanto Domingo :bSecretaría de Estado de Deportes, educación Física y Recreación ;bFederación Dominicana de Béisbol Aficionado,c1996. a108 p. :bil. ;c22 cm.